01871cam a22004457a 4500003000500000005001700005008004100022010001000063011001000073020001800083035001000101040000900111082002100120110000800141245024800149260002300397300004300420490004700463590004100510590004100551590004100592590004100633590004100674590004200715650002100757650003100778650002100809650004900830650002000879700003000899700002700929700003000956711012200986830005401108901000701162942001001169949008001179999001701259952014901276CHAP20220817042730.0110506s2010 it r 00010 eng d a53739 a54711 a9789251066959 a58862 cCHAP00a631.5bF34y v.112 aFAO13aGrassland carbon sequestration: management, policy and economics :bProceedings of the Workshop on the role of grassland carbon sequestra- tion in the mitigation of climate changec/editado por Michael Abberton, Richard Conant y Caterine Bello aRoma :bFAO,c2010 aix, 338 p. :bilus., gráfs., cuadros 0aFAO. Gestión integrada de cultivosv; 11 aBATCH-UPDb10c20130110lUCH01h0341 aBATCH-UPDb10c20130110lUCH01h1832 aBATCH-UPDb10c20130410lUCH01h0015 aBATCH-UPDb10c20130913lUCH01h1811 aBATCH-UPDb10c20130914lUCH01h0842 aCONVERSIONb10c20130109lUCH01h132914aCarbón.91883614aDioxido de carbono.93266714aPraderas.99123014aRecursos naturalesxAdministración.99517514aSuelos.91101910 aBatello, Caterina.9107851 aAbberton, Michael91571 aConant, Richard T.92627722aWorkshop on the Role of Grassland Carbon Sequestration in the Mitigation of Climate Changed(2009 :cRome, Italy)95500aFAO. Gestión integrada de cultivosv; 11939569 aBK cLIBRO a631.5 F34y v.11bBCcFAOd33724002256132eFAO1gDonaciØnh114838i58862sb c53739d53739 00104053708FAOaBCbBCcPP_FAOd2019-12-31eDonacionfLIBROi127l0o631.5 F34y v.11p33724002256132r2019-12-31 00:00:00w2019-12-31yLIBRO